Vyliečená farma lekári urobili z Poľnohospodárskeho združenia Diana v Bajke prosperujúci podnik

Podrobná bibliografia
Hlavní autori: Cséfalvay, Ladislav (Autor), Halvoň, Pavol (Autor)
Médium: Článok
Jazyk:slovenčina
Fyzický popis:Fotogr.
ISSN:1335-2466
Predmet:

MARC

LEADER 00000nab a2200000 a 4500
001 vtls000884546
003 SK-MaSNL
005 20260305033558.0
008 250429c2004 xo 0 slo
015 |a SNBRB2004/09-26683 
035 |a CLN000236005 
035 |a urn:nbn:sk:snk-abtbb 
035 |a (urnnbn)urn:nbn:sk:snk:ar-a04l1i 
035 |a (uuid)813cfc54-db14-4093-9c93-c9df9a6a76c4 
040 |a SNKBUCL  |b slo  |c SNKBUCL  |e AACR2 
041 0 |a slo 
044 |a xo  |c SK 
080 |a 631.115.11(437.6)  |2 1997 
100 1 |a Cséfalvay, Ladislav  |4 aut  |9 1012677 
245 1 0 |a Vyliečená farma  |b lekári urobili z Poľnohospodárskeho združenia Diana v Bajke prosperujúci podnik  |c Ladislav Cséfalvay, Pavol Halvoň 
300 |b Fotogr. 
610 7 |a Poľnohospodárske združenie Diana (Bajka, Slovensko)  |2 snkbucl  |9 1614266 
650 0 7 |a farmy rodinné  |x reportáže  |2 snkbucl  |9 1614267 
651 7 |a Levice (Slovensko : okres)  |2 snkbucl  |9 15245 
655 7 |a články z novín a časopisov  |2 snkbucl  |9 267496 
700 1 |a Halvoň, Pavol  |4 aut  |9 275470 
773 0 |t Naše pole  |g Roč. 8, č. 7 (2004), s. 6-8  |x 1335-2466 
850 |a Slovenská národná knižnica 
852 |a Slovenská národná knižnica 
954 |a odborná, vedecká literatúra pôvodná (slovenská)  |2 lita 
958 |a article27 
958 |a SK 
958 |a OND 
958 |a EUIPO 
992 |a RBX 
999 |c 3324903  |d 3326833